00410 a2200121 4500001001000000005001700010008004100027245003300068100003700101700003600138700003800174773007600212ART_4185420260410162024.0260409a 10aPoblamiento y despoblamiento1 aGonzález Becerril, Juan Gabino1 aMontoya Arce, Bernardino Jaciel1 aSandoval Forero, Eduardo Andrés0 tNotas de poblacióng- Año XLIII, Nº 103 (jul./dic. 2016)wREV41841